[Event "Norway Chess Open GM 2025"]
[Site "Stavanger NOR"]
[Date "2025.05.26"]
[Round "1.1"]
[White "Harish, Neeraj"]
[Black "Kantor, Gergely"]
[Result "0-1"]
[WhiteTitle "CM"]
[BlackTitle "GM"]
[WhiteElo "2192"]
[BlackElo "2581"]
[WhiteFideId "30958130"]
[BlackFideId "751499"]
[EventDate "2025.05.26"]

1. e4 e5 2. Nf3 Nc6 3. Bc4 Nf6 4. d3 Bc5 5. c3 d6 6. b4 Bb6 7. a4 a5 8. b5 Ne7
9. O-O O-O 10. Nbd2 Ng6 11. d4 Bg4 12. Bb2 d5 13. Be2 exd4 14. h3 d3 15. Bxd3
Bxf3 16. Qxf3 Ne5 17. Qe2 Nxd3 18. Qxd3 dxe4 19. Qe2 Re8 20. Nc4 Bc5 21. Rad1
Nd5 22. Qg4 c6 23. Ne3 Nxe3 24. Rxd8 Nxg4 25. Rxe8+ Rxe8 26. hxg4 cxb5 27. axb5
Rd8 28. c4 a4 29. Ra1 Rd2 30. Ba3 Bxf2+ 31. Kf1 Bd4 32. Rc1 Rf2+ 33. Ke1 Rxg2
34. c5 Rg1+ 35. Kd2 Rg2+ 36. Ke1 Rg1+ 37. Kd2 Rxc1 38. Kxc1 f6 39. c6 bxc6 40.
bxc6 Be5 41. Kd2 Kf7 42. Ke3 Ke6 43. Kxe4 Bd6 44. Bb2 a3 45. Bc3 a2 0-1

[Event "Norway Chess Open GM 2025"]
[Site "Stavanger NOR"]
[Date "2025.05.26"]
[Round "1.2"]
[White "Urkedal, Frode Olav Olsen"]
[Black "Ter-Avetisjana, Agnesa Stepania"]
[Result "1-0"]
[WhiteTitle "GM"]
[BlackTitle "WFM"]
[WhiteElo "2562"]
[BlackElo "2185"]
[WhiteFideId "1506102"]
[BlackFideId "11614900"]
[EventDate "2025.05.26"]

1. d4 d5 2. c4 c6 3. Nf3 Nf6 4. e3 Bg4 5. Nc3 e6 6. h3 Bxf3 7. Qxf3 Bb4 8. Bd3
c5 9. O-O cxd4 10. exd4 Nc6 1-0

[Event "Norway Chess Open GM 2025"]
[Site "Stavanger NOR"]
[Date "2025.05.26"]
[Round "1.3"]
[White "Johansson, Carl Fredrik"]
[Black "Sivuk, Vitaly"]
[Result "0-1"]
[WhiteTitle "CM"]
[BlackTitle "GM"]
[WhiteElo "2171"]
[BlackElo "2501"]
[WhiteFideId "1701576"]
[BlackFideId "14116502"]
[EventDate "2025.05.26"]

1. d4 Nf6 2. c4 e6 3. Nf3 d5 4. Nc3 h6 5. g4 Nxg4 6. Rg1 Nf6 7. Bf4 c6 8. e3
Nbd7 9. Ne5 Qa5 10. Qc2 g5 11. Bg3 Ne4 12. cxd5 exd5 13. Nxd7 Bxd7 14. Be5 f6
15. f3 fxe5 16. fxe4 O-O-O 17. exd5 exd4 18. exd4 cxd5 19. O-O-O Kb8 20. Bg2 Bb4
21. Qb3 Bxc3 22. bxc3 Rc8 23. Kd2 Rc4 24. Rb1 b6 25. Rge1 Rxd4+ 26. Kc1 Rc8 27.
Re3 Bf5 28. Rb2 Rdc4 0-1

[Event "Norway Chess Open GM 2025"]
[Site "Stavanger NOR"]
[Date "2025.05.26"]
[Round "1.5"]
[White "Rouda Essa, Alserkal"]
[Black "Galperin, Platon"]
[Result "0-1"]
[WhiteTitle "WGM"]
[BlackTitle "GM"]
[WhiteElo "2147"]
[BlackElo "2494"]
[WhiteFideId "9314318"]
[BlackFideId "14165414"]
[EventDate "2025.05.26"]

1. e4 g6 2. d4 d6 3. Nc3 Bg7 4. Be3 a6 5. Qd2 Nd7 6. f3 b5 7. O-O-O Bb7 8. g4 h6
9. h4 Ngf6 10. Nh3 c5 11. Nf2 b4 12. Ne2 Qc7 13. h5 g5 14. Kb1 e6 15. Rc1 Nb6
16. Ng1 Na4 17. Nd1 d5 18. e5 Nd7 19. b3 cxd4 20. Bxd4 Nc3+ 21. Nxc3 bxc3 22.
Qxc3 Qxc3 23. Bxc3 Bxe5 24. Bxe5 Nxe5 25. Re1 f6 26. Rh3 d4 27. Rg3 Ke7 28. Bd3
Rhd8 29. Rf1 a5 30. Ne2 a4 31. f4 Nxd3 32. cxd3 axb3 33. axb3 gxf4 34. Nxf4 e5
35. Ng6+ Ke6 36. Kb2 Bd5 37. Re1 Kf7 38. Rf1 Kg7 39. Ne7 Be6 40. Rgf3 Rdb8 41.
Rxf6 Rxb3+ 42. Kc1 Ra1+ 43. Kc2 Rc3+ 44. Kb2 Rxf1 45. Rxf1 Rxd3 46. Nf5+ Bxf5
47. Rxf5 Re3 48. Kc2 e4 49. Kd2 Rg3 50. Rf4 Re3 51. Rf5 Rd3+ 52. Ke2 Rg3 53. Rf4
d3+ 54. Kd2 Rg2+ 55. Kc3 d2 56. Kc2 e3 57. Re4 Rg1 0-1

[Event "Norway Chess Open GM 2025"]
[Site "Stavanger NOR"]
[Date "2025.05.26"]
[Round "1.6"]
[White "Lie, Kjetil A."]
[Black "Thuesen, Mogens"]
[Result "1/2-1/2"]
[WhiteTitle "GM"]
[WhiteElo "2493"]
[BlackElo "2129"]
[WhiteFideId "1501984"]
[BlackFideId "1400878"]
[EventDate "2025.05.26"]

1. d4 d5 2. Nf3 e6 3. e3 Nf6 4. Bd3 c5 5. b3 Nc6 6. O-O cxd4 7. exd4 Be7 8. a3
O-O 9. Bb2 b6 10. Nbd2 Bb7 11. Qe2 Re8 12. Rfe1 Bf8 13. Rac1 g6 14. c4 Bg7 15.
c5 Nd7 16. b4 bxc5 17. bxc5 Rb8 18. Nf1 e5 19. dxe5 Ndxe5 20. Nxe5 Nxe5 21. Bxe5
Rxe5 22. Qf3 Rxe1 23. Rxe1 Rc8 24. Bb5 Bc6 25. Bxc6 Rxc6 26. Rc1 Bf8 27. Ne3
Rxc5 28. Rxc5 Bxc5 29. Nxd5 Bxa3 30. g3 Bb2 31. Ne3 Kg7 32. Qe2 Bd4 33. Nc2 Bb6
34. Na3 Qf6 35. Nc4 h5 36. Kg2 Bd4 37. f3 h4 38. Qe4 hxg3 39. hxg3 Bb6 40. Qd5
Qa1 41. Nxb6 Qb2+ 42. Kh3 axb6 43. f4 Qf6 44. Kg2 Qb2+ 45. Kh3 Qc3 46. Qb5 Qc8+
47. g4 Qc3+ 48. Kg2 Qd2+ 49. Kf3 Qc3+ 50. Kg2 Qd4 51. Kf3 Qc3+ 1/2-1/2

[Event "Norway Chess Open GM 2025"]
[Site "Stavanger NOR"]
[Date "2025.05.26"]
[Round "1.7"]
[White "Fu, Yihe"]
[Black "Kvaloy, Aksel Bu"]
[Result "1-0"]
[WhiteTitle "FM"]
[BlackTitle "IM"]
[WhiteElo "2123"]
[BlackElo "2479"]
[WhiteFideId "8619638"]
[BlackFideId "1528815"]
[EventDate "2025.05.26"]

1. e4 e5 2. Nf3 Nc6 3. Bc4 Nf6 4. d3 h6 5. c3 d6 6. a4 g6 7. a5 a6 8. h3 Bg7 9.
Be3 O-O 10. Nbd2 Kh8 11. Bb3 Nd7 12. Nc4 f5 13. Bc2 f4 14. Bc1 Qf6 15. b4 Ndb8
16. Bb2 Be6 17. Bb3 Nd7 18. Ncd2 g5 19. Nh2 Bxb3 20. Nxb3 Qg6 21. h4 gxh4 22.
Qf3 Nf6 23. Nf1 Qg5 24. Nfd2 Ne7 25. Qh3 Ng6 26. Nf3 Qh5 27. Nbd2 Kh7 28. Nxh4
Nxh4 29. Qxh4 Qxh4 30. Rxh4 Nd7 31. Ke2 Bf6 32. Rh2 Rg8 33. Nf3 Rg6 34. c4 Rag8
35. Kf1 c6 36. Bc3 Rc8 37. Bd2 Nf8 38. Ke2 Ne6 39. Rah1 Be7 40. g3 Rf8 41. Rh3
Kg7 42. gxf4 Nxf4+ 43. Bxf4 Rxf4 44. b5 cxb5 45. cxb5 axb5 46. Rb1 d5 47. Rxb5
dxe4 48. Nxe5 exd3+ 49. Nxd3 Re4+ 50. Re3 Rxe3+ 51. fxe3 Ra6 52. Rxb7 Kf7 53.
Nb4 Ra8 54. Nc6 Ke6 55. Rxe7+ Kd6 56. Ra7 Rh8 57. Nd4 h5 58. Rb7 h4 59. Rb1 Kd5
60. a6 h3 61. a7 Ra8 62. Nb5 Kc5 63. Kf3 h2 64. Kg2 1-0

[Event "Norway Chess Open GM 2025"]
[Site "Stavanger NOR"]
[Date "2025.05.26"]
[Round "1.8"]
[White "Rozentalis, Eduardas"]
[Black "Vincenti, Leonardo"]
[Result "1-0"]
[WhiteTitle "GM"]
[BlackTitle "CM"]
[WhiteElo "2470"]
[BlackElo "2120"]
[WhiteFideId "12800023"]
[BlackFideId "28550820"]
[EventDate "2025.05.26"]

1. e4 c5 2. Nf3 d6 3. Bb5+ Bd7 4. c4 Nf6 5. Nc3 g6 6. Bxd7+ Qxd7 7. d4 cxd4 8.
Nxd4 Bg7 9. b3 Nc6 10. Bb2 Qg4 11. O-O Qxd1 12. Raxd1 Nxd4 13. Rxd4 Nd7 14. Rd2
Nc5 15. Re1 O-O 16. f4 Rad8 17. g3 e6 18. Kg2 f5 19. exf5 exf5 20. Rdd1 Bxc3 21.
Bxc3 Ne4 22. Bd4 Kf7 23. Kf3 a6 24. Bb6 Rd7 25. Rd3 Rc8 26. g4 Ke6 27. a4 Rc6
28. Be3 d5 29. gxf5+ gxf5 30. Red1 Nf6 31. c5 a5 32. Bd4 Ne4 33. Re3 Kf7 34. Rg1
Rg6 35. Rxg6 hxg6 36. Re2 Rc7 37. Rc2 Rc6 38. Ke3 Ke7 39. h4 Kd7 40. Rh2 Nxc5
41. Bxc5 Rxc5 42. Kd4 Rc1 43. Kxd5 Rc3 44. Rg2 Rxb3 45. Rxg6 b5 46. Rg7+ Ke8 47.
Ke6 Re3+ 48. Kxf5 bxa4 49. Ra7 a3 50. Rxa5 Rg3 51. Ra7 Kf8 52. Kf6 Kg8 53. f5
Kh8 54. h5 Kg8 55. Ra8+ Kh7 56. Kf7 Rg5 57. f6 Rxh5 58. Rxa3 Rh1 59. Re3 Kh6 60.
Ke7 Ra1 61. f7 Ra7+ 62. Kf6 Ra6+ 63. Re6 Ra8 64. Re8 Ra6+ 65. Ke5 Ra5+ 66. Kd4
Ra4+ 67. Kc3 Ra3+ 68. Kb4 Rf3 69. f8=Q+ Rxf8 70. Rxf8 1-0

[Event "Norway Chess Open GM 2025"]
[Site "Stavanger NOR"]
[Date "2025.05.26"]
[Round "1.9"]
[White "Abrahams, Daniel"]
[Black "Alonso Garcia, Aaron"]
[Result "1/2-1/2"]
[WhiteTitle "CM"]
[BlackTitle "IM"]
[WhiteElo "2112"]
[BlackElo "2454"]
[WhiteFideId "2606879"]
[BlackFideId "24521060"]
[EventDate "2025.05.26"]

1. d4 Nf6 2. c4 e6 3. Nc3 Bb4 4. Qc2 O-O 5. a3 Bxc3+ 6. Qxc3 d6 7. Nf3 b6 8. g3
Bb7 9. Bg2 c5 10. O-O Qc7 11. dxc5 bxc5 12. Rd1 a5 13. b3 Nbd7 14. Qd3 Ra6 15.
Bd2 Rb8 16. Ne1 Bxg2 17. Nxg2 Ne5 18. Qc2 Nc6 19. Bc3 Ne8 20. Rab1 Rab6 21. Rb2
R8b7 22. Nf4 Qb8 23. Rdb1 Nd4 24. Bxd4 cxd4 25. Nd3 Nc7 26. b4 axb4 27. axb4 Ra7
28. Ra2 Rxa2 29. Qxa2 e5 30. b5 Ne6 31. Nb4 g6 32. Nd5 Rb7 33. b6 Nc5 34. Rb5
Kg7 35. Ra5 Rxb6 36. Nxb6 Qxb6 37. Rb5 Qc6 38. f3 h5 39. Kg2 d3 40. Rb8 dxe2 41.
Qxe2 Qc7 42. Qb2 Na6 43. Rb6 Nc5 44. Qb5 Ne6 45. Rb7 Qd8 46. Rd7 Qf6 47. Rxd6
Qf5 48. Qb2 h4 49. Rd5 f6 50. Rd7+ Kh6 51. Qd2+ Ng5 52. Rd3 e4 53. gxh4 exd3 54.
hxg5+ fxg5 55. h4 Kg7 56. hxg5 Kf7 57. Kg3 Qe5+ 58. f4 Qd4 59. c5 Ke6 60. Qa2+
Kd7 61. Qa7+ Kc8 62. Qa6+ Kc7 63. Qb6+ Kc8 64. Qa6+ 1/2-1/2

[Event "Norway Chess Open GM 2025"]
[Site "Stavanger NOR"]
[Date "2025.05.26"]
[Round "1.10"]
[White "Zhou, Yang-Fan"]
[Black "Liu, Tianyi (Jack)"]
[Result "1-0"]
[WhiteTitle "IM"]
[WhiteElo "2425"]
[BlackElo "2112"]
[WhiteFideId "468584"]
[BlackFideId "8627894"]
[EventDate "2025.05.26"]

1. e4 c5 2. Nf3 e6 3. d3 Nc6 4. g3 d5 5. Qe2 Nf6 6. Bg2 Be7 7. a4 O-O 8. O-O
dxe4 9. dxe4 e5 10. c3 Be6 11. Na3 a6 12. Nd2 Qc7 13. f4 exf4 14. gxf4 Bg4 15.
Qf2 Rad8 16. Nac4 Bc8 17. a5 Rd3 18. e5 Ng4 19. Qe2 Rdd8 20. Nb6 Bf5 21. Nd5
Rxd5 22. Bxd5 Nxa5 23. Be4 Nh6 24. Nc4 Nxc4 25. Qxc4 Qb6 26. Bxf5 Nxf5 27. Qe4
Qg6+ 28. Qg2 Qb6 29. c4 Rd8 30. Ra3 Rd4 31. Rc3 Rd7 32. Be3 Qe6 33. Rfc1 h5 34.
Rb3 b5 35. Qc2 b4 36. Bf2 h4 37. Qe2 Qg6+ 38. Kf1 a5 39. Rd1 Rxd1+ 40. Qxd1 Qc6
41. Rf3 Qe4 42. Qd3 Qc6 43. b3 g6 44. Qd5 Qe6 45. Rd3 Qb6 46. Qd7 Kg7 47. Qb5
Qc7 48. Rd7 Qc8 49. Qb7 Qe8 50. e6 Kh6 51. Rxe7 Nxe7 52. Bxc5 Qh8 53. Qxe7 Qa1+
54. Kg2 Qb2+ 55. Kh3 Qc3+ 56. Kxh4 Qe1+ 57. Kh3 Qf1+ 58. Kg3 Qd3+ 59. Kh4 Qf3
60. Qf8+ Kh7 61. Qxf7+ 1-0

[Event "Norway Chess Open GM 2025"]
[Site "Stavanger NOR"]
[Date "2025.05.26"]
[Round "1.11"]
[White "Elsness, Fredrik Valstad"]
[Black "Yankelevich, Lev"]
[Result "0-1"]
[BlackTitle "GM"]
[WhiteElo "2111"]
[BlackElo "2422"]
[WhiteFideId "1567829"]
[BlackFideId "24684074"]
[EventDate "2025.05.26"]

1. e4 e6 2. d4 d5 3. e5 c5 4. c3 Bd7 5. Nf3 Qb6 6. Be2 Bb5 7. dxc5 Bxc5 8. b4
Bxe2 9. Qxe2 Bf8 10. O-O Nd7 11. Nbd2 Ne7 12. a3 Ng6 13. c4 Nf4 14. Qd1 Be7 15.
Nb1 Ng6 16. cxd5 Ngxe5 17. Bb2 Nxf3+ 18. Qxf3 O-O 19. dxe6 fxe6 20. Qg3 Bf6 21.
Bxf6 Nxf6 22. Nd2 Rac8 23. Rae1 Nd5 24. Ne4 Nf4 25. Nc5 Qc6 26. Re4 Qxe4 27.
Nxe4 Ne2+ 28. Kh1 Nxg3+ 29. hxg3 Rc4 30. Nc5 b6 31. Nxe6 Rfc8 32. Kg1 R8c6 33.
Nd8 Rd6 0-1

[Event "Norway Chess Open GM 2025"]
[Site "Stavanger NOR"]
[Date "2025.05.26"]
[Round "1.12"]
[White "Wang, Hao(ZJ)"]
[Black "Gore, Rohan"]
[Result "1-0"]
[WhiteElo "2418"]
[BlackElo "2110"]
[WhiteFideId "8631859"]
[BlackFideId "1773917"]
[EventDate "2025.05.26"]

1. c4 e5 2. g3 Nf6 3. Bg2 d5 4. cxd5 Nxd5 5. Nc3 Be6 6. Nf3 Nc6 7. d3 Bb4 8. Bd2
O-O 9. O-O f6 10. Qa4 Bxc3 11. bxc3 Qd7 12. Qc2 Rad8 13. Rab1 b6 14. Rfd1 Nde7
15. Be1 Bh3 16. d4 Bxg2 17. Kxg2 exd4 18. cxd4 f5 19. Bb4 Nxb4 20. Rxb4 c5 21.
Rbb1 cxd4 22. Rxd4 Qc6 23. Qb3+ Kh8 24. Rxd8 Rxd8 25. Qf7 Qf6 26. Qc4 h6 27. Qc7
Nc6 28. Rb5 Re8 29. e3 g6 30. Rd5 Re6 31. Nd4 Ne7 32. Rd8+ Kg7 33. Nxe6+ Qxe6
34. Rd7 Kf7 35. h4 Qe4+ 36. Kh2 g5 37. hxg5 hxg5 38. Qxa7 f4 39. Rxe7+ Qxe7 40.
Qxe7+ Kxe7 41. gxf4 gxf4 42. exf4 Kf6 43. a4 Kg6 44. Kg3 Kf5 45. Kf3 Kf6 46. Ke4 1-0

[Event "Norway Chess Open GM 2025"]
[Site "Stavanger NOR"]
[Date "2025.05.26"]
[Round "1.13"]
[White "Beisteiner, Joachim"]
[Black "Elsness, Frode"]
[Result "0-1"]
[BlackTitle "IM"]
[WhiteElo "2109"]
[BlackElo "2416"]
[WhiteFideId "1682296"]
[BlackFideId "1501100"]
[EventDate "2025.05.26"]

1. e4 c5 2. Nf3 d6 3. d4 cxd4 4. Nxd4 Nf6 5. Nc3 a6 6. h3 e5 7. Nf3 Qc7 8. Be2
Be7 9. O-O O-O 10. a4 h6 11. Nh2 Be6 12. Ng4 Nxg4 13. Bxg4 Nd7 14. Be3 Nf6 15.
Bxe6 fxe6 16. f4 Rad8 17. a5 d5 18. exd5 Nxd5 19. Nxd5 Rxd5 20. Qg4 Rf5 21. fxe5
Qxe5 22. Bf4 Bc5+ 23. Kh1 Qf6 24. Rf3 Rd4 25. Raf1 e5 26. Bh2 Rxg4 27. Rxf5 Qh4
28. hxg4 Bd6 29. Rh5 Qxg4 30. Rh3 Qe4 31. Rd3 Be7 32. Bg3 Bf6 33. Re1 Qb4 34.
Rde3 Qxb2 35. Bxe5 Bxe5 36. Rxe5 Qxc2 37. Re7 Qc3 38. R1e5 Kh7 39. Kh2 Qb4 40.
Kh3 b5 41. axb6 Qxb6 42. R7e6 Qc7 43. Re7 Qd6 44. R7e6 Qd4 45. g3 Qd7 46. Kg2 a5
47. Re7 Qc6+ 48. Kh2 Qb6 49. Re2 Qd6 50. R7e4 Qc6 51. Re6 Qf3 52. R6e3 Qh5+ 53.
Kg2 Qd5+ 54. Kh2 a4 55. Rf2 Qh5+ 56. Kg2 Qc5 57. Ree2 h5 58. Rc2 Qd5+ 59. Kh2
Qe4 60. Ra2 h4 61. gxh4 Qxh4+ 62. Kg2 Qe4+ 63. Kg1 g5 64. Rae2 Qd4 65. Kg2 Kg6
66. Kg3 Qh4+ 67. Kg2 Qg4+ 68. Kf1 Qc4 69. Rg2 a3 70. Kg1 g4 71. Ra2 Kg5 72. Rgc2
Qb3 73. Kg2 Qf3+ 74. Kg1 g3 75. Rd2 Kg4 76. Rac2 Qe3+ 77. Kf1 Qe4 78. Kg1 Kh3
79. Re2 0-1

[Event "Norway Chess Open GM 2025"]
[Site "Stavanger NOR"]
[Date "2025.05.26"]
[Round "1.19"]
[White "Machin, Guillaume"]
[Black "Chakrabarty, Reyaansh"]
[Result "0-1"]
[WhiteTitle "CM"]
[BlackTitle "FM"]
[WhiteElo "2069"]
[BlackElo "2346"]
[WhiteFideId "616648"]
[BlackFideId "3256944"]
[EventDate "2025.05.26"]

1. d4 d5 2. c4 e6 3. Nc3 h6 4. cxd5 exd5 5. Bf4 c6 6. e3 Bd6 7. Bxd6 Qxd6 8. Bd3
Nf6 9. Nf3 Bg4 10. h3 Bxf3 11. Qxf3 Nbd7 12. O-O O-O 13. a3 a5 14. Rab1 Rfe8 15.
Rfc1 Nf8 16. Na4 Ne6 17. h4 h5 18. g3 Nf8 19. Nc3 g6 20. Ne2 Ng4 21. Qf4 Qd7 22.
Qf3 Qd6 23. Qf4 Qd7 24. Qf3 Re6 25. Nf4 Rf6 26. Rc2 Ne6 27. Qg2 Re8 28. b4 axb4
29. axb4 Qd6 30. Nh3 Ng7 31. Re2 Nf5 32. Nf4 Ra8 33. Bxf5 Rxf5 34. Nd3 Ra3 35.
Rd1 Qf6 36. Nf4 Rb3 37. Nd3 Kg7 38. Ne1 Kh7 39. Nd3 Kg7 40. Ne1 Qe7 41. Nd3 Rf6
42. Qf1 Qd6 43. Qg2 Qe7 44. Qf1 Nxf2 45. Nxf2 Rf3 46. Qg2 Rfxe3 47. Rxe3 Qxe3
48. g4 hxg4 49. Qxg4 Rxb4 50. h5 Rb2 51. Rf1 Rd2 52. hxg6 Rxd4 53. Qg2 fxg6 54.
Rb1 b5 55. Ra1 Ra4 56. Rxa4 bxa4 57. Qg4 Qa7 58. Kg2 a3 59. Nd3 a2 60. Ne5 Qg1+
61. Kxg1 a1=Q+ 62. Kg2 Qxe5 63. Qd7+ Kh6 64. Qxc6 Qe4+ 65. Kf2 Kh5 0-1

[Event "Norway Chess Open GM 2025"]
[Site "Stavanger NOR"]
[Date "2025.05.26"]
[Round "1.23"]
[White "Hetland, Even"]
[Black "Pubantz, Jan"]
[Result "0-1"]
[WhiteElo "2025"]
[BlackElo "2315"]
[WhiteFideId "1555995"]
[BlackFideId "12996114"]
[EventDate "2025.05.26"]

1. Nf3 d5 2. g3 c6 3. Bg2 Bg4 4. d4 Nf6 5. O-O e6 6. Nbd2 h6 7. Re1 Bf5 8. Ne5
Nbd7 9. Nxd7 Qxd7 10. e4 dxe4 11. Nxe4 Bxe4 12. Bxe4 Nxe4 13. Rxe4 Be7 14. c3
Bf6 15. Qe2 Rc8 16. b3 O-O 17. Qf3 Qd5 18. c4 Qd8 19. Be3 Rc7 20. Qh5 c5 21. Rg4
Kh7 22. Bf4 Rd7 23. Be5 cxd4 24. Rd1 g6 25. Bxf6 Qxf6 26. Qh3 Qf5 27. Qh4 g5 28.
Qh5 e5 29. h4 f6 30. f4 Qg6 31. Qxg6+ Kxg6 32. fxe5 fxe5 33. Kg2 Rdf7 34. Rd2
Kf5 35. Kf3 Re8 36. Re2 d3 37. Rf2 Kg6+ 38. Ke3 Rxf2 39. Kxf2 Kf5 0-1

[Event "Norway Chess Open GM 2025"]
[Site "Stavanger NOR"]
[Date "2025.05.26"]
[Round "1.28"]
[White "Savitha, Shri B"]
[Black "Myny, Sigur H"]
[Result "1-0"]
[WhiteTitle "IM"]
[WhiteElo "2298"]
[BlackElo "2014"]
[WhiteFideId "35061887"]
[BlackFideId "1561626"]
[EventDate "2025.05.26"]

1. e4 c6 2. d4 d5 3. e5 c5 4. Nf3 Nc6 5. dxc5 Bg4 6. c3 e6 7. Be3 a6 8. Nbd2
Nxe5 9. h3 Nxf3+ 10. Nxf3 Bh5 11. g4 Bg6 12. Ne5 f6 13. Qa4+ Ke7 14. Nxg6+ hxg6
15. Bd3 Kf7 16. Qc2 Ne7 17. O-O-O g5 18. h4 gxh4 19. f4 Qc7 20. Qf2 g6 21. Rxh4
Bg7 22. Rxh8 Rxh8 23. Re1 Qd7 24. Bd4 Nc6 25. f5 gxf5 26. gxf5 e5 27. Be3 e4 28.
Be2 Ne5 29. Rg1 Kf8 30. Bd4 Nc6 31. Be3 Ne5 32. Kc2 Rh3 33. c6 bxc6 34. Bc5+ Kg8
35. Qg2 Rh7 36. Rf1 Qc7 37. Kb1 Nf7 38. Qg1 Qh2 39. Bxa6 Ne5 40. a4 Nf3 41. Qxh2
Rxh2 42. Ka2 Bf8 43. Bb6 Bd6 44. a5 1-0

[Event "Norway Chess Open GM 2025"]
[Site "Stavanger NOR"]
[Date "2025.05.26"]
[Round "1.29"]
[White "Amundsen, Ask"]
[Black "Fiskaaen, Martin Holten"]
[Result "0-1"]
[BlackTitle "FM"]
[WhiteElo "2009"]
[BlackElo "2292"]
[WhiteFideId "1528726"]
[BlackFideId "1550233"]
[EventDate "2025.05.26"]

1. Nf3 d5 2. g3 Nf6 3. Bg2 c6 4. O-O Bg4 5. h3 Bh5 6. d3 e6 7. c4 dxc4 8. dxc4
Nbd7 9. Nc3 h6 10. Be3 Be7 11. Qd2 Qc7 12. Rfd1 Bg6 13. g4 e5 14. Nh4 Bh7 15.
Nf5 Bxf5 16. gxf5 a5 17. a3 O-O 18. Bxh6 gxh6 19. Qxh6 Nh7 20. f6 Ndxf6 21. Ne4
Ne8 22. Rd3 Kh8 23. Rg3 Rg8 24. Rxg8+ Kxg8 25. h4 Bf8 26. Qh5 Ng7 27. Qh6 Ne6
28. Qh5 Nf4 29. Qg4+ Bg7 30. Kh1 Qc8 31. Qf3 Qd8 32. Qg4 f5 33. Qxf5 Qxh4+ 34.
Kg1 Rf8 35. Qd7 Nxg2 36. Qe6+ Kh8 0-1

[Event "Norway Chess Open GM 2025"]
[Site "Stavanger NOR"]
[Date "2025.05.26"]
[Round "1.30"]
[White "Myagmarsuren, Evsuld"]
[Black "Anatol, Luke Leon Robin"]
[Result "1-0"]
[WhiteTitle "FM"]
[WhiteElo "2292"]
[BlackElo "2007"]
[WhiteFideId "1551639"]
[BlackFideId "39905500"]
[EventDate "2025.05.26"]

1. e4 c5 2. d3 Nc6 3. f4 d5 4. Be2 e6 5. Nf3 Bd6 6. O-O Nge7 7. c3 O-O 8. Be3
Rb8 9. e5 Nf5 10. Bf2 Bc7 11. g4 Nh6 12. h3 b6 13. d4 cxd4 14. cxd4 f6 15. Nc3
Ne7 16. Bd3 Ng6 17. Be3 fxe5 18. fxe5 Nf4 19. Bxf4 Rxf4 20. Qd2 Rf8 21. Ng5 g6
22. Rxf8+ Qxf8 23. Rf1 Qg7 24. Nb5 Bd8 25. Nd6 Bxg5 26. Qxg5 Bd7 27. h4 Rf8 28.
Rxf8+ Qxf8 29. h5 Qf3 30. Qd8+ Kg7 31. Qxd7+ Kh8 32. Qe8+ Ng8 33. Nf7+ Kg7 34.
h6+ Nxh6 35. Qh8+ Kxf7 36. Qxh7+ Ke8 37. Bb5+ 1-0

[Event "Norway Chess Open GM 2025"]
[Site "Stavanger NOR"]
[Date "2025.05.26"]
[Round "1.31"]
[White "Gasland, Lukas Dominik"]
[Black "Southcott-Moyers, Indy"]
[Result "0-1"]
[BlackTitle "CM"]
[WhiteElo "1997"]
[BlackElo "2292"]
[WhiteFideId "1557882"]
[BlackFideId "488542"]
[EventDate "2025.05.26"]

1. d4 d5 2. c4 e6 3. Nf3 Nf6 4. Bg5 dxc4 5. Qa4+ Nbd7 6. Qxc4 c5 7. e3 a6 8. Qc2
b6 9. Bd3 Bb7 10. Qe2 cxd4 11. exd4 Be7 12. Nc3 h6 13. Bh4 Nd5 14. Bg3 Bb4 15.
Rc1 Rc8 16. O-O Bxc3 17. bxc3 Rxc3 18. Bxa6 Bxa6 19. Qxa6 O-O 20. Ne5 Nxe5 21.
dxe5 Qa8 22. Qb5 Rxc1 23. Rxc1 Qxa2 24. h3 Nc3 25. Rxc3 Qa1+ 26. Kh2 Qxc3 27.
Qxb6 Rc8 28. Qd6 Qc7 29. Qd4 Qd8 30. Qg4 Qd5 31. Bf4 Qe4 32. Qg3 Kh7 33. Be3 Rc3
34. Kg1 Rd3 35. Kh2 Qf5 36. Kg1 Rd5 37. f4 Qe4 38. Kf2 Qc2+ 39. Kg1 Rd1+ 40. Kh2
Qe2 41. Bc5 Rd3 42. Qh4 Qe4 43. Bf2 g5 0-1

[Event "Norway Chess Open GM 2025"]
[Site "Stavanger NOR"]
[Date "2025.05.26"]
[Round "1.32"]
[White "Poley, Vladimir"]
[Black "Pivi, Mauro"]
[Result "1-0"]
[WhiteTitle "IM"]
[WhiteElo "2284"]
[BlackElo "1997"]
[WhiteFideId "13500090"]
[BlackFideId "312105193"]
[EventDate "2025.05.26"]

1. Nf3 Nf6 2. g3 g6 3. b4 Bg7 4. Bb2 O-O 5. Bg2 d6 6. O-O c6 7. d3 e5 8. Nbd2 h6
9. c4 Be6 10. Qc2 Nbd7 11. d4 e4 12. Nxe4 Nxe4 13. Qxe4 Bxc4 14. Qc2 d5 15. Rfe1
Re8 16. e3 a5 17. Nd2 Ba6 18. bxa5 Qxa5 19. a4 Rac8 20. Nb3 Qc7 21. Bh3 f5 22.
g4 fxg4 23. Bxg4 g5 24. Qg6 Nf8 25. Qh5 Rcd8 26. h4 Bd3 27. hxg5 Bg6 28. Qh2
Qxh2+ 29. Kxh2 hxg5 30. a5 Nd7 31. Rg1 Nf6 32. Nc5 Ne4 33. Nxe4 Bxe4 34. Bh5 Re6
35. Rxg5 Rh6 36. Kg3 Kh7 37. Bf3 Bd3 38. Kg2 Bf6 39. Rg3 Bh4 40. Rg4 Bf5 41. Rf4
Rf8 42. Bg4 Be4+ 43. f3 Rxf4 44. exf4 Bd3 45. Bc1 Kg7 46. Ra3 Ba6 47. f5 Rf6 48.
Bf4 Rf7 49. Be5+ Bf6 50. f4 Rf8 51. Rh3 Bc4 52. Rh5 Ba6 53. Kg3 Bd3 54. Kf3 Bc4
55. Ke3 Ba6 56. Kd2 Rf7 57. Kc3 Rf8 58. Rh1 Kg8 59. Rh6 Bxe5 60. fxe5 Kg7 61.
Rg6+ Kf7 62. Bh5 Ke7 63. f6+ Ke6 64. Bg4+ Kf7 65. Bf5 Be2 66. Rg7+ Ke8 67. Rxb7 1-0

[Event "Norway Chess Open GM 2025"]
[Site "Stavanger NOR"]
[Date "2025.05.26"]
[Round "1.33"]
[White "Sivaparan, Isai"]
[Black "Bhagat Kush"]
[Result "0-1"]
[BlackTitle "FM"]
[WhiteElo "1997"]
[BlackElo "2279"]
[WhiteFideId "1585002"]
[BlackFideId "46672940"]
[EventDate "2025.05.26"]

1. e4 c5 2. Nf3 d6 3. Bb5+ Bd7 4. Bxd7+ Nxd7 5. O-O Ngf6 6. Qe2 e6 7. b3 g6 8.
Bb2 Bg7 9. d3 O-O 10. Nbd2 d5 11. e5 Ne8 12. Rfe1 Nc7 13. h4 b5 14. h5 b4 15.
Nf1 Nb5 16. Qd2 a5 17. N1h2 a4 18. Ng4 gxh5 19. Nh6+ Kh8 20. g3 a3 21. Bc1 f6
22. Qe2 fxe5 23. Bg5 Nd4 24. Nxd4 Qxg5 25. Nxe6 Qxh6 26. Nxf8 Rxf8 27. Kg2 e4
28. Rad1 Bd4 29. Rf1 Nf6 30. dxe4 Nxe4 0-1

[Event "Norway Chess Open GM 2025"]
[Site "Stavanger NOR"]
[Date "2025.05.26"]
[Round "1.34"]
[White "Hedman, Erik"]
[Black "Aarts, Joaquin"]
[Result "0-1"]
[WhiteTitle "IM"]
[WhiteElo "2272"]
[BlackElo "1990"]
[WhiteFideId "1702351"]
[BlackFideId "1078224"]
[EventDate "2025.05.26"]

1. e4 c5 2. Nf3 d6 3. Bb5+ Nd7 4. a4 Nf6 5. Nc3 g6 6. a5 a6 7. Bc4 Bg7 8. Bxf7+
Kxf7 9. Ng5+ Kg8 10. Ne6 Qe8 11. Nc7 Qf7 12. Nxa8 e6 13. O-O h5 14. f4 b5 15. e5
dxe5 16. fxe5 Nxe5 17. Ne4 Qe7 18. Nxf6+ Bxf6 19. Nb6 Bb7 20. Qe2 Ng4 21. d3
Bd4+ 22. Kh1 Nxh2 23. Re1 e5 24. Be3 Ng4 25. Bxd4 Qh4+ 26. Kg1 Qh2+ 27. Kf1 Qh1+
28. Bg1 Ne3+ 29. Kf2 Qxg2+ 30. Kxe3 Qg5+ 31. Kf2 Qf4+ 0-1